000 00383nam a2200169Ia 4500
008 230524s9999 xx 000 0 und d
020 _a9780198068913
082 _bKAL
100 _aRaj Kamal
245 0 _aMobile Computing
250 _a2
260 _aNew Delhi
_bOxford
_c2013
300 _a"XVI,620p;"
500 _aQuantity Number: 1
650 _aComp-Sc
942 _cBK
999 _c57631
_d57631